[Event "DEN-ch Seniors 2018"]
[Site "Hvidovre"]
[Date "2018.02.16"]
[Round "5"]
[White "Schultz-Pedersen, Jesper"]
[Black "Hald, Jens Erik Kofoed"]
[Result "1/2-1/2"]
[WhiteElo "2068"]
[BlackElo "1983"]
[Annotator "NA RC"]
[PlyCount "40"]
[EventDate "2018.??.??"]
[EventType "tourn"]
[EventCountry "DEN"]
[SourceTitle "playchess.com"]
[Source "ChessBase"]
[SourceQuality "1"]
[TimeControl "40/5400+30:1800+30"]

{[%evp 12,36,-69,-13,-8,32767,39,36,35,0,0,-3,-6,32767,32767,32767,32767,0,10,32767,32767,32767,32767,32767,-31,-42,-7]} 1. e4 {[%emt 0:00:00]} c5 {[%emt 0:02:04]} 2. b4 {[%emt 0:00:00]} cxb4 {[%emt 0:00:36]} 3. a3 {[%emt 0:00:00]} d5 {[%emt 0:00:40]} 4. exd5 {[%emt 0:00:06]} Qxd5 {[%emt 0:00:08]} 5. Nf3 {[%emt 0:00:05]} e5 {[%emt 0:01:32]} 6. Bb2 {[%emt 0:00:10] B20: Sicilian: Unusual White 2nd moves} (6. axb4 Bxb4 7. Na3 Nc6 8. Nb5 Qd8 9. c3 Be7 10. d4 exd4 11. Bf4 Kf8 12. Bc4 Bg4 13. O-O a6 14. Nbxd4 Nxd4 15. cxd4 {½-½ (59) Williams,S (2439)-Dragun,K (2564) London 2015}) 6... Nc6 {[%emt 0:07:12]} 7. c4 {[%emt 0:00:53] LiveBook: 17 Games} Qe6 {[%emt 0:02:36]} 8. Bd3 {[%emt 0:00:28]} f6 {[%emt 0:04:15]} 9. O-O {[%emt 0:01:02]} Bc5 {[%emt 0:10:04]} 10. Re1 {[%emt 0:05:39]} Nge7 {[%emt 0:03:02]} 11. axb4 {[%emt 0:12:11]} Bxb4 {[%emt 0:07:28]} 12. Na3 {[%emt 0:04:33]} Bd7 $146 {[%emt 0:06:28]} ({Predecessor:} 12... a6 13. Bb1 Qd6 {0-1 (32) Meleshko,V-Lineikin,D Lvov 1999}) 13. Qb1 {[%emt 0:06:04]} g6 {[%emt 0:21:08]} 14. Nb5 {[%emt 0:10:47]} Rc8 {[%emt 0:03:17]} 15. Nxa7 {[%emt 0:04:05]} Nxa7 {[%emt 0:01:11]} 16. Rxa7 {[%emt 0:00:49]} Qb6 {[%emt 0:00:32]} 17. Ra1 {[%emt 0:06:29]} Bc5 {[%emt 0:01:31]} 18. Ba3 {[%emt 0:06:57]} Qxb1 $11 {[%emt 0:02:00]} 19. Rexb1 {[%emt 0:00:16]} Bxa3 {[%emt 0:00:25]} 20. Rxa3 {[%emt 0:00:08]} Bc6 {[%emt 0:00:30]} 1/2-1/2

[Event "DEN-ch Seniors 2018"]
[Site "Hvidovre"]
[Date "2018.02.16"]
[Round "5"]
[White "Hvenekilde, Jorgen"]
[Black "Hartung-Nielsen, Jens"]
[Result "1/2-1/2"]
[WhiteElo "2044"]
[BlackElo "2217"]
[Annotator "TA"]
[PlyCount "25"]
[EventDate "2018.??.??"]
[EventType "tourn"]
[EventCountry "DEN"]
[SourceTitle "playchess.com"]
[Source "ChessBase"]
[SourceQuality "1"]

{[%evp 9,25,33,57,59,67,65,70,56,67,41,85,52,52,58,76,63,65,45]} 1. e4 {[%cal Be2e4,Be4d5][%mdl 32]} d5 2. exd5 Nf6 3. Bb5+ Nbd7 4. Nc3 a6 5. Be2 Nb6 {LiveBook: 3 Games} 6. Nf3 {B01: Scandinavian Defence} Nbxd5 7. Nxd5 Qxd5 8. d4 Bg4 9. h3 Bh5 10. O-O e6 11. c4 Qd6 12. Be3 Be7 13. Qc1 $146 1/2-1/2

[Event "DEN-ch Seniors 2018"]
[Site "Hvidovre"]
[Date "2018.02.16"]
[Round "5"]
[White "Nielsen, Jorgen Lovgren"]
[Black "Marshall, Michael"]
[Result "1/2-1/2"]
[WhiteElo "2041"]
[BlackElo "1826"]
[Annotator "NA RC"]
[PlyCount "33"]
[EventDate "2018.??.??"]
[EventType "tourn"]
[EventCountry "DEN"]
[SourceTitle "playchess.com"]
[Source "ChessBase"]
[SourceQuality "1"]
[TimeControl "40/5400+30:1800+30"]

{[%evp 8,23,6,6,1,-13,42,-8,26,0,23,32767,32767,18,8,32767,32767,22]} 1. e4 {[%emt 0:00:00]} e5 {[%emt 0:05:55]} 2. Nf3 {[%emt 0:00:02]} Nf6 {[%emt 0:00:21]} 3. d4 {[%emt 0:01:15]} Nxe4 {[%emt 0:00:52]} 4. dxe5 {[%emt 0:01:41]} d5 {[%emt 0:07:05]} 5. exd6 {[%emt 0:01:32]} Bxd6 {[%emt 0:03:49]} 6. Bd3 {[%emt 0:05:46]} ({Natürlich nicht} 6. Qd4 O-O $17) 6... Nf6 {[%emt 0:02:49]} 7. Bg5 {[%emt 0:05:26]} O-O {[%emt 0:01:26]} 8. O-O {[%emt 0:00:42]} Bg4 {[%emt 0:04:20]} 9. Nbd2 {[%emt 0:02:27]} Nbd7 {[%emt 0:02:13]} 10. Ne4 {[%emt 0:08:08]} Be7 $11 {[%emt 0:02:05]} 11. Nxf6+ {[%emt 0:11:05]} Nxf6 {[%emt 0:06:05]} 12. h3 {[%emt 0:05:30]} Bh5 {[%emt 0:01:13]} 13. g4 {[%emt 0:03:55]} Bg6 {[%emt 0:00:52]} 14. Bxg6 {[%emt 0:00:51]} hxg6 {[%emt 0:01:23]} 15. Qxd8 {[%emt 0:00:31]} Raxd8 {[%emt 0:01:38]} 16. Rfe1 {[%emt 0:00:53]} Rfe8 {[%emt 0:02:51]} 17. Re2 {[%emt 0:04:13]} 1/2-1/2

[Event "DEN-ch Seniors 2018"]
[Site "Hvidovre"]
[Date "2018.02.16"]
[Round "5"]
[White "Baliuniene, Margarita"]
[Black "Holler Johansen, Alexander Mikkel Jo"]
[Result "1-0"]
[WhiteElo "1881"]
[BlackElo "1904"]
[Annotator "NA RC"]
[PlyCount "139"]
[EventDate "2018.??.??"]
[EventType "tourn"]
[EventCountry "DEN"]
[SourceTitle "playchess.com"]
[Source "ChessBase"]
[SourceQuality "1"]
[TimeControl "40/5400+30:1800+30"]

1. Nf3 {[%emt 0:00:00]} Nf6 {[%emt 0:00:13]} 2. g3 {[%emt 0:00:00]} g6 {[%emt 0:00:16]} 3. Bg2 {[%emt 0:00:00]} Bg7 {[%emt 0:00:04]} 4. d4 {[%emt 0:00:04]} d5 {[%emt 0:00:30]} 5. O-O {[%emt 0:00:11]} O-O {[%emt 0:00:04]} 6. c4 {[%emt 0:01:45]} c6 {[%emt 0:00:17]} 7. b3 {[%emt 0:01:14]} a6 {[%emt 0:00:30]} 8. Nbd2 {[%emt 0:01:26]} b5 {[%emt 0:00:19]} 9. Bb2 {[%emt 0:00:51]} Bb7 {[%emt 0:01:19]} 10. Ne5 {[%emt 0:02:13]} Nbd7 {[%emt 0:00:39]} 11. f4 {[%emt 0:00:57]} Nxe5 {[%emt 0:03:15]} 12. dxe5 {[%emt 0:07:24]} Qb6+ {[%emt 0:01:38]} 13. Kh1 {[%emt 0:01:06]} (13. e3 $5) 13... Ng4 {[%emt 0:00:30]} 14. Nf3 {[%emt 0:03:10]} dxc4 {[%emt 0:05:40]} 15. Bd4 {[%emt 0:02:53]} c5 {[%emt 0:00:09]} 16. Bg1 {[%emt 0:00:11]} cxb3 {[%emt 0:08:14]} (16... Rad8 $17 17. Qc2 f6 18. exf6 exf6) 17. axb3 {[%emt 0:04:10]} a5 {[%emt 0:26:01]} 18. Qc2 {[%emt 0:06:12]} (18. Qd7 $11 e6 19. Rfc1) 18... Rfc8 {[%emt 0:03:59]} 19. Rfc1 {[%emt 0:01:12]} Qd8 {[%emt 0:16:12]} (19... f6 $17 20. h3 (20. Bxc5 Qe6 $17) 20... fxe5 21. hxg4 exf4 22. gxf4 Bxa1 23. Rxa1 Qf6) 20. h3 {[%emt 0:17:58]} Nh6 {[%emt 0:00:05]} 21. Bxc5 {[%emt 0:01:55]} Nf5 {[%emt 0:01:46]} 22. Kh2 {[%emt 0:00:22] [#]} Ne3 $1 {[%emt 0:00:42]} 23. Qd3 {[%emt 0:04:33]} Qxd3 {[%emt 0:01:18]} 24. exd3 {[%emt 0:00:04]} Nxg2 {[%emt 0:00:06]} 25. Kxg2 {[%emt 0:00:05]} Bd5 {[%emt 0:00:19]} ({Black should play} 25... Rc7 $15) 26. Bxe7 {[%emt 0:03:01]} Bxb3 $2 {[%emt 0:00:07]} (26... Rxc1 $11 {and Black has nothing to worry.} 27. Rxc1 Bxb3) 27. Rxc8+ {[%emt 0:06:40]} Rxc8 {[%emt 0:00:07]} 28. Rxa5 {[%emt 0:00:30]} Bc2 {[%emt 0:16:51]} 29. Ne1 {[%emt 0:12:45]} ({Resist} 29. Rxb5 $6 Bxd3 30. Rc5 Rxc5 $16) 29... Ba4 {[%emt 0:00:08]} 30. Kf2 {[%emt 0:01:13]} Bf8 {[%emt 0:04:45]} 31. Bxf8 {[%emt 0:00:27]} Kxf8 {[%emt 0:00:05]} 32. Ke3 {[%emt 0:00:20]} Rc1 {[%emt 0:01:30]} 33. Nf3 {[%emt 0:00:35]} Ra1 {[%emt 0:01:52]} 34. Ra8+ {[%emt 0:06:42]} Ke7 {[%emt 0:00:12]} 35. Rb8 {[%emt 0:01:01]} Kd7 {[%emt 0:00:22]} 36. Rb7+ {[%emt 0:00:24]} Kc6 {[%emt 0:00:18]} 37. Rxf7 {[%emt 0:00:07]} b4 {[%emt 0:00:27]} 38. Rf6+ $2 {[%emt 0:07:23]} (38. Rxh7 $18 b3 39. Nd4+ Kb6 40. Nxb3 Bxb3 41. Rg7) 38... Kc7 {[%emt 0:01:07]} 39. Rf7+ {[%emt 0:05:21]} Kb6 {[%emt 0:00:13]} 40. Nd2 {[%emt 0:01:25]} b3 {[%emt 0:31:26]} 41. Kd4 {[%emt 0:30:37]} Rc1 {[%emt 0:00:50]} 42. Nxb3 {[%emt 0:01:30]} Bxb3 {[%emt 0:00:06]} 43. Rxh7 {[%emt 0:00:08]} Rc6 $2 {[%emt 0:00:00]} (43... Rg1 $16) 44. g4 {[%emt 0:00:00]} Be6 {[%emt 0:00:00]} 45. Rg7 {[%emt 0:00:00]} Bc8 {[%emt 0:00:00]} 46. Ke4 {[%emt 0:00:00]} Bb7 {[%emt 0:00:26]} 47. Kd4 {[%emt 0:00:00]} Bc8 {[%emt 0:00:05]} 48. Re7 {[%emt 0:00:00]} Rc1 {[%emt 0:01:12]} 49. Rf7 {[%emt 0:00:00]} Rh1 $2 {[%emt 0:00:33]} (49... Rf1 50. e6 Kc6) 50. Rf6+ {[%emt 0:00:00]} Kc7 {[%emt 0:00:08]} 51. Rxg6 {[%emt 0:00:00]} Rxh3 {[%emt 0:00:05]} 52. f5 {[%emt 0:00:00]} Kd7 {[%emt 0:00:59]} 53. Rd6+ {[%emt 0:00:00]} Ke8 {[%emt 0:00:20]} 54. Ke4 {[%emt 0:00:00]} Bb7+ {[%emt 0:01:17]} 55. Kf4 {[%emt 0:00:00]} Rf3+ {[%emt 0:01:10]} 56. Kg5 {[%emt 0:00:00]} Bc8 {[%emt 0:03:46]} 57. d4 {[%emt 0:00:00]} Kf7 {[%emt 0:00:52]} 58. Rd8 $18 {[%emt 0:00:00]} (58. Rc6 $142 Bd7 59. e6+ Ke8 60. exd7+ Kxd7 61. Re6) 58... Ba6 {[%emt 0:00:21]} 59. Ra8 {[%emt 0:00:00]} Be2 {[%emt 0:00:15]} 60. Ra7+ {[%emt 0:00:00]} Ke8 {[%emt 0:00:13]} 61. Kf6 {[%emt 0:00:00]} Kd8 {[%emt 0:02:34]} 62. e6 {[%emt 0:00:00]} Bb5 {[%emt 0:01:38]} 63. e7+ {[%emt 0:00:00]} Kc8 {[%emt 0:00:15]} 64. Ra8+ {[%emt 0:00:00]} Kc7 {[%emt 0:00:12]} 65. e8=Q {[%emt 0:00:00]} Bxe8 {[%emt 0:00:05]} 66. Rxe8 {[%emt 0:00:00]} Rf4 {[%emt 0:00:08]} 67. g5 {[%emt 0:00:00]} Rxd4 {[%emt 0:00:06]} 68. g6 {[%emt 0:00:00]} Rd6+ {[%emt 0:00:19]} 69. Kf7 {[%emt 0:00:00]} Rd5 {[%emt 0:00:19]} 70. f6 {[%emt 0:00:00]} 1-0

[Event "DEN-ch Seniors 2018"]
[Site "Hvidovre"]
[Date "2018.02.16"]
[Round "5"]
[White "Matras, Ove"]
[Black "Stentebjerg-Hansen, Per"]
[Result "0-1"]
[WhiteElo "1781"]
[BlackElo "2261"]
[Annotator "TA"]
[PlyCount "56"]
[EventDate "2018.??.??"]
[EventType "tourn"]
[EventCountry "DEN"]
[SourceTitle "playchess.com"]
[Source "ChessBase"]
[SourceQuality "1"]

{[%evp 9,56,0,12,-2,0,0,0,-6,14,-13,32,-42,-38,-41,-9,-32,-13,-15,5,-30,-30,-47,-48,-43,-43,-50,-48,-50,7,0,0,-56,-70,-98,-45,-426,-433,-478,-494,-1015,-1000,-988,-867,-1058,-1054,-1000,-914,-5473,-2941]} 1. e4 c6 2. d4 d5 3. Nc3 g6 4. exd5 cxd5 5. Bd3 (5. Bf4 a6 6. h4 Nf6 7. h5 Nxh5 8. Rxh5 gxh5 9. Qxh5 Nc6 10. Nf3 e6 11. Ng5 Qf6 12. g3 Qg6 13. Qh1 {0-1 (30) Lauridsen,J (2259)-Arkell,K (2455) Cardiff 2016}) 5... Bg7 6. Nge2 {B15: Caro-Kann: 3 Nc3: 3...g6 and 3...dxe4 4 Nxe4 Nf6 5 Nxf6+ exf6} Nc6 7. Be3 Nf6 8. Qd2 {The position is equal.} a6 $146 ({Find the theoretical novelty and annotate with similar games:} 8... Nb4 9. Bb5+ Bd7 10. Bxd7+ Qxd7 11. O-O O-O 12. a3 Nc6 {0-1 (36) Zunic,G-Franca,V (1802) Paracin 2011}) 9. a3 Bf5 10. f3 (10. Bxf5 $14 gxf5 11. Bg5) 10... Bxd3 $15 11. Qxd3 b5 12. O-O Na5 {[%cal Bc6a5,Ba5c4,Bc4e3][%mdl 32]} 13. Nd1 Nc4 14. b3 Nxe3 15. Nxe3 O-O 16. c3 $1 {[%cal Bc2c3,Bc3c4,Bc4c5][%mdl 32]} Qd6 17. a4 b4 18. c4 Rfd8 (18... dxc4 $15 19. Nxc4 Qd8) 19. c5 $11 Qc7 20. a5 (20. f4 $11) 20... e5 $1 $15 21. Nc2 {[#]} exd4 (21... Nd7 $1 $17 22. c6 Qxc6 23. Nxb4 Qd6) 22. Ra4 $2 {[%mdl 8192]} ({Better is} 22. Ncxd4 $15 Qxc5 23. Rfc1) 22... Nd7 $19 {[%cal Bf6d7,Bd7c5,Bc5d3][%mdl 32] Black is clearly winning.} 23. Nxb4 Nxc5 24. Rc1 (24. Qc2 $142 Qe7 25. Ra2) 24... Nxd3 25. Rxc7 Nxb4 26. Rxb4 d3 27. Nc3 Rac8 28. Rbb7 Bxc3 {Precision: White = 27%, Black = 43%.} 0-1

[Event "DEN-ch Seniors 2018"]
[Site "Hvidovre"]
[Date "2018.02.17"]
[Round "6"]
[White "Stentebjerg-Hansen, Per"]
[Black "Baliuniene, Margarita"]
[Result "0-1"]
[WhiteElo "2261"]
[BlackElo "1881"]
[Annotator "NA"]
[PlyCount "102"]
[EventDate "2018.??.??"]
[EventType "tourn"]
[EventCountry "DEN"]
[SourceTitle "playchess.com"]
[Source "ChessBase"]
[SourceQuality "1"]
[TimeControl "40/5400+30:1800+30"]

{[%evp 8,87,8,13,14,27,27,18,24,27,19,25,22,11,26,18,38,34,41,14,23,22,23,16,32767,32767,32767,22,35,32767,13,32767,32767,32767,-16,-29,32767,32767,-35,32767,-36,-62,-66,-150,-53,-86,-70,-142,32767,32767,-125,-138,-161,-180,-129,-118,-125,-145,-127,-187,-164,-205,-84,32767,-78,-87,-28,-45,-29,-107,32767,32767,32767,-1024,32767,32767,32767,32767,32767,32767,32767,-911]} 1. d4 {[%emt 0:00:00]} d5 {[%emt 0:06:00]} 2. c4 {[%emt 0:00:00]} e6 {[%emt 0:00:21]} 3. Nc3 {[%emt 0:00:00]} Nf6 {[%emt 0:00:07]} 4. cxd5 {[%emt 0:00:09]} exd5 {[%emt 0:00:11]} 5. Bg5 {[%emt 0:00:06]} Be7 {[%emt 0:00:12]} 6. e3 {[%emt 0:00:14]} c6 {[%emt 0:00:29]} 7. Bd3 {[%emt 0:00:18]} Nbd7 {[%emt 0:00:30]} 8. h3 {[%emt 0:08:44] D35: Queen's Gambit Declined: Exchange Variation} Ne4 {[%emt 0:07:23] LiveBook: 13 Games} 9. Bf4 {[%emt 0:00:27]} Ndf6 {[%emt 0:01:33]} 10. Nge2 $146 {[%emt 0:01:03]} ({Predecessor:} 10. Qc2 Bd6 11. Nge2 Bxf4 12. Nxf4 Nd6 13. O-O-O Qe7 14. Kb1 Be6 15. Rhe1 O-O-O {½-½ (62) Rakhmanov,A (2662)-Grachev,B (2628) Sochi 2016}) 10... Bd6 {[%emt 0:02:09]} 11. Bxd6 {[%emt 0:01:19]} Nxc3 {[%emt 0:06:45]} 12. bxc3 {[%emt 0:01:01]} Qxd6 {[%emt 0:00:05]} 13. Ng3 {[%emt 0:02:11]} O-O {[%emt 0:01:27]} 14. O-O {[%emt 0:01:25]} g6 {[%emt 0:02:26]} 15. Qf3 {[%emt 0:09:24]} b6 {[%emt 0:06:09]} 16. Rfd1 {[%emt 0:03:51]} Bb7 {[%emt 0:05:06]} 17. a4 {[%emt 0:02:32]} Rac8 {[%emt 0:05:51]} 18. Rd2 {[%emt 0:16:48]} c5 {[%emt 0:07:07]} 19. Qd1 {[%emt 0:01:22]} c4 {[%emt 0:03:30]} 20. Bf1 {[%emt 0:03:32]} h5 {[%emt 0:01:31]} 21. h4 {[%emt 0:02:03]} Rfe8 {[%emt 0:03:48]} 22. Rb2 {[%emt 0:00:39]} Ng4 {[%emt 0:01:26]} 23. Qe1 {[%emt 0:01:57]} Qf6 {[%emt 0:01:57]} 24. Be2 {[%emt 0:00:50]} Qxh4 {[%emt 0:00:45]} 25. Nf1 {[%emt 0:00:48]} (25. Bxg4 $1 $15 Qxg4 26. a5) 25... Rc6 {[%emt 0:02:51]} (25... Bc6 $17 26. a5 b5) 26. Bxg4 {[%emt 0:07:49]} hxg4 {[%emt 0:06:24]} 27. f4 {[%emt 0:00:10]} Qe7 {[%emt 0:02:49]} 28. a5 {[%emt 0:01:11]} Bc8 {[%emt 0:00:42]} 29. axb6 {[%emt 0:01:14]} axb6 {[%emt 0:00:05]} 30. Rab1 {[%emt 0:00:51]} Qc7 {[%emt 0:00:21]} (30... Qf6 $19 31. Ra2 Bf5) 31. Qh4 {[%emt 0:05:13]} Bf5 {[%emt 0:00:36]} 32. Re1 {[%emt 0:00:42]} Qe7 {[%emt 0:02:33]} 33. Qh6 {[%emt 0:03:38]} (33. Qxe7 $17 Rxe7 34. Ng3) 33... Re6 {[%emt 0:02:55]} 34. g3 {[%emt 0:00:42]} g5 {[%emt 0:02:00]} (34... Qf6 $19 35. Ra2 b5) 35. Qh5 {[%emt 0:02:28]} Qf6 {[%emt 0:03:42]} 36. fxg5 {[%emt 0:13:22]} Qg7 {[%emt 0:00:16]} 37. Rb5 {[%emt 0:00:54]} Rd8 {[%emt 0:02:27]} 38. Ra1 {[%emt 0:04:30]} (38. Nd2 $11 {remains equal.}) 38... Qg6 {[%emt 0:03:34]} 39. Qh4 {[%emt 0:01:32]} Kg7 {[%emt 0:00:21]} 40. Qh1 $2 {[%emt 0:00:00]} (40. Qh6+ Qxh6 41. gxh6+ Rxh6 42. Rb2) 40... Be4 {[%emt 0:00:10]} 41. Qh6+ {[%emt 0:10:36]} Qxh6 {[%emt 0:00:09]} 42. gxh6+ {[%emt 0:00:03]} Rxh6 {[%emt 0:00:07]} 43. Nh2 {[%emt 0:09:31]} Rdh8 {[%emt 0:03:22]} 44. Rb2 $19 {[%emt 0:02:48]} Rh3 {[%emt 0:00:21]} 45. Raa2 {[%emt 0:02:57]} Rxg3+ {[%emt 0:00:18]} 46. Kf1 {[%emt 0:00:06]} Rxe3 {[%emt 0:03:58]} 47. Nxg4 {[%emt 0:00:18]} Rxc3 {[%emt 0:00:28]} 48. Rxb6 {[%emt 0:03:36]} Rh1+ {[%emt 0:03:24]} 49. Kf2 {[%emt 0:00:03]} Rf3+ {[%emt 0:00:43]} 50. Ke2 {[%emt 0:00:05]} Rf4 {[%emt 0:00:24]} 51. Nf2 {[%emt 0:00:10]} Rxf2+ {[%emt 0:00:21]} 0-1

[Event "DEN-ch Seniors 2018"]
[Site "Hvidovre"]
[Date "2018.02.17"]
[Round "6"]
[White "Hartung-Nielsen, Jens"]
[Black "Petersen, Peter Birk"]
[Result "1/2-1/2"]
[WhiteElo "2217"]
[BlackElo "2130"]
[Annotator "TA"]
[PlyCount "33"]
[EventDate "2018.??.??"]
[EventType "tourn"]
[EventCountry "DEN"]
[SourceTitle "playchess.com"]
[Source "ChessBase"]
[SourceQuality "1"]

{[%evp 25,30,0,0,0,7,-23,-25]} 1. e4 {[%cal Be2e4,Be4e5][%mdl 32]} c5 2. d4 cxd4 3. c3 Nf6 {[%cal Bg8f6,Bf6d5,Bd5b4][%mdl 32]} 4. e5 Nd5 5. Nf3 d6 6. cxd4 Nc6 7. Bc4 dxe5 8. dxe5 Ndb4 9. Qb3 e6 {B22: Sicilian: 2 c3} 10. O-O Na5 11. Bb5+ Bd7 12. Qa4 Bxb5 13. Qxb5+ Nac6 {LiveBook: 38 Games. Threatens to win with ...Nc2.} 14. Nc3 a6 15. Qe2 Qd3 {[#]} {Find the theoretical novelty and annotate with similar games:} 16. Rd1 $146 Qxe2 17. Nxe2 {0-1 (44) Paichadze,L (2556)-Kasimdzhanov,R (2712) Nakhchivan 2015} 1/2-1/2

[Event "DEN-ch Seniors 2018"]
[Site "Hvidovre"]
[Date "2018.02.17"]
[Round "6"]
[White "Lilja, Richard"]
[Black "Hald, Jens Erik Kofoed"]
[Result "1/2-1/2"]
[WhiteElo "2086"]
[BlackElo "1983"]
[Annotator "NA RC"]
[PlyCount "30"]
[EventDate "2018.??.??"]
[EventType "tourn"]
[EventCountry "DEN"]
[SourceTitle "playchess.com"]
[Source "ChessBase"]
[SourceQuality "1"]
[TimeControl "40/5400+30:1800+30"]

{[%evp 8,24,-29,-35,-33,-20,-26,-28,-15,-28,0,0,0,32767,-5,-18,-5,-14,0]} 1. e4 {[%emt 0:05:30]} c5 {[%emt 0:00:51]} 2. d4 {[%emt 0:00:15]} cxd4 {[%emt 0:00:16]} 3. c3 {[%emt 0:00:15]} dxc3 {[%emt 0:00:10]} 4. Nxc3 {[%emt 0:00:06]} Nc6 {[%emt 0:00:14]} 5. Nf3 {[%emt 0:00:06]} d6 {[%emt 0:00:20]} 6. Bc4 {[%emt 0:00:07]} e6 {[%emt 0:00:14]} 7. O-O {[%emt 0:00:14]} Be7 {[%emt 0:00:13]} 8. Qe2 {[%emt 0:00:38]} Nf6 {[%emt 0:00:16]} 9. Rd1 {[%emt 0:00:43]} e5 {[%emt 0:00:18] LiveBook: 95 Games} 10. Bg5 {[%emt 0:19:55]} Bg4 {[%emt 0:02:29]} 11. Be3 {[%emt 0:08:27]} O-O {[%emt 0:02:19]} 12. h3 {[%emt 0:00:28]} Bh5 $11 {[%emt 0:02:52]} 13. Rd2 {[%emt 0:09:28]} a6 {[%emt 0:07:36]} 14. a3 {[%emt 0:02:07]} Rc8 {[%emt 0:01:26]} 15. Rad1 {[%emt 0:07:53]} h6 {[%emt 0:13:39]} 1/2-1/2

[Event "DEN-ch Seniors 2018"]
[Site "Hvidovre"]
[Date "2018.02.17"]
[Round "6"]
[White "Olesen, Poul Erik Norgaard"]
[Black "Munk, Kai"]
[Result "0-1"]
[WhiteElo "2010"]
[BlackElo "2023"]
[Annotator "NA"]
[PlyCount "118"]
[EventDate "2018.??.??"]
[EventType "tourn"]
[EventCountry "DEN"]
[SourceTitle "playchess.com"]
[Source "ChessBase"]
[SourceQuality "1"]
[TimeControl "40/5400+30:1800+30"]

1. e4 g6 2. d4 Bg7 3. Nc3 d6 4. Be3 c6 5. Qd2 Qc7 6. h3 {B06: Modern Defence} (6. h4 h5 7. O-O-O b5 8. Kb1 Nd7 9. Nh3 Nb6 10. Bd3 Bxh3 11. Rxh3 Nf6 12. f3 Nc4 13. Bxc4 bxc4 {1-0 (39) Fedorchuk,S (2623)-Tabak,S (2261) Leiden 2017}) 6... Nd7 7. Nf3 Nb6 8. Be2 h6 $146 ({Predecessor:} 8... Bd7 9. a4 a5 10. O-O Nf6 11. Ng5 h6 12. Nf3 e5 13. dxe5 dxe5 14. Rfd1 {1-0 (23) Saucey,M (2366)-Gallant,A (1922) Pornic 2009}) 9. a4 Be6 10. b3 a5 11. Rd1 d5 12. Bf4 Qd8 13. e5 g5 14. Bg3 Bf5 15. Bd3 e6 16. h4 g4 17. Nh2 h5 18. Bxf5 exf5 19. Ne2 Bh6 20. Nf4 Qe7 21. O-O Bxf4 (21... Nd7 $16) 22. Qxf4 (22. Bxf4 $18 Qe6 23. Rfe1) 22... Qe6 23. Rfe1 Ne7 24. Nf1 Nd7 25. Ne3 Nf8 26. c4 Qg6 27. Nc2 $2 (27. cxd5 $11 cxd5 28. e6 Nxe6 29. Qd6) 27... Qh6 $2 (27... Ne6 $19 28. Qd2 {[#]} f4 $1 {[%mdl 512]} 29. Bxf4 Nxf4 30. Qxf4 Qxc2) 28. Qxh6 Rxh6 29. Bf4 Rg6 30. Bg5 Rxg5 31. hxg5 Ne6 32. cxd5 cxd5 33. Na3 Nxg5 34. Nb5 Kf8 35. Rc1 Rb8 36. Rc2 Ne6 37. Rec1 Kg7 ({Better is} 37... f4 $11) 38. g3 f4 39. gxf4 Nxf4 40. Kh2 Ne6 41. Kg3 Rh8 42. Rh1 Nf5+ 43. Kg2 h4 44. Rd1 Ng5 45. Nd6 h3+ 46. Kh1 Nh4 47. Rc7 Nhf3 48. Nxf7 Nxf7 49. e6 N3g5 50. exf7 Ne4 51. Kh2 Rh6 52. Rf1 ({Less strong is} 52. Rxb7 Rf6 $16) (52. Rg1 $18 Rg6 53. Rxb7) 52... Rf6 {[#]} 53. f4 $4 {[#]} (53. f3 $1 $18) 53... Rh6 $19 54. Rc2 g3+ 55. Kg1 Kxf7 56. Re2 Kf6 57. Rf3 Kf5 58. Rxe4 dxe4 59. Rxg3 Rg6 0-1